000 01749nam a2200217Ia 4500
003 Ost
005 20260507074954.0
008 260507s9999||||xx |||||||||||||| ||und||
020 _a9773790406
040 _cfsecg
041 _aara
082 _a338.2
100 _aالصيرفي، محمد
_eمؤلف
245 0 _aالسياسات البترولية في مجال الأفراد /
_c محمد الصيرفي
260 _aالإسكندرية:
_bدار الفكر الجامعي,
_c2006
300 _a396 صفحة؛
_bإيضاحات ؛
_c24 سم
504 _aفهرس الجداول:ص.13-14؛فهرس الأشكال:ص.15-16
520 _aمفهوم وأهمية وأهداف تخطيط القوى العاملة -الطرق الإحصائية والنماذج الرياضية التي يمكن استخدامها في تخطيط القوى العاملة بشركات بترول السويس -مفهوم وأهمية ومصادر اختيار العاملين بشركات بترول السويس -عناصر الإختيار -تقييم سياسة اختيار العاملين بشركات بترول السويس -تخطيط البرنامج التدريبي في شركات بترول السويس -تقييم النشاط التدريبي بشركات بترول السويس الملامح الأساسية لتقييم أداء العاملين -تقارير الكفاية -الملامح الأساسية لسياسة الحوافر -الحوافز بين النظرية والتطبيق بشركات بترول السويس -تقييم سياسة الحوافز بشركات بترول السويس -نتائج البحث - توصيات البحث
653 _aالبترول-اقتصاديات-مصر
942 _cكتاب
999 _c42014
_d42014